[Event "Buenos Aires CC Moreno op"]
[Site "Buenos Aires"]
[Date "2019.06.30"]
[Round "7.5"]
[White "Borda Rodas, Anapaola S"]
[Black "Rodriguez, Jorge Luis"]
[Result "1-0"]
[WhiteElo "1907"]
[BlackElo "2381"]
[PlyCount "59"]
[EventDate "2019.06.20"]
[EventType "swiss"]
[EventRounds "7"]
[EventCountry "ARG"]
[SourceTitle "EXT 2022"]
[Source "ChessBase"]
[SourceDate "2021.10.06"]
[SourceVersion "1"]
[SourceVersionDate "2021.10.06"]
[SourceQuality "1"]

1. e4 c5 2. Nf3 Nc6 3. d4 cxd4 4. Nxd4 e5 5. Nb5 d6 6. N1c3 a6 7. Na3 b5 8. Nd5 Nce7 9. Bg5 f6 10. Be3 Nxd5 11. Qxd5 Rb8 12. 0-0-0 Ne7 13. Qxd6 Qxd6 14. Rxd6 Bb7 15. f3 Nc6 16. Rd1 Bxa3 17. bxa3 0-0 18. Be2 Rbc8 19. Bb6 Rfe8 20. Rd7 Ba8 21. Rhd1 Rb8 22. Be3 Rbc8 23. h4 h5 24. R1d6 Nb8 25. Ra7 Bc6 26. Bb6 b4 27. Bc4+ Kh8 28. Be6 Rxe6 29. Rxe6 Ba4 30. Rc7 1-0

[Event "Buenos Aires CC Moreno op"]
[Site "Buenos Aires"]
[Date "2019.06.22"]
[Round "3.1"]
[White "Aberbach Peltzman, Angel Sergio"]
[Black "Rodriguez, Jorge Luis"]
[Result "1/2-1/2"]
[WhiteElo "1966"]
[BlackElo "2381"]
[PlyCount "41"]
[EventDate "2019.06.20"]
[EventType "swiss"]
[EventRounds "7"]
[EventCountry "ARG"]
[SourceTitle "EXT 2022"]
[Source "ChessBase"]
[SourceDate "2021.10.06"]
[SourceVersion "1"]
[SourceVersionDate "2021.10.06"]
[SourceQuality "1"]

1. d4 Nf6 2. Nf3 g6 3. g3 Bg7 4. Bg2 0-0 5. 0-0 d6 6. c4 Nbd7 7. Nc3 e5 8. e4 exd4 9. Nxd4 Re8 10. h3 Nc5 11. Re1 Bd7 12. Rb1 Qc8 13. Kh2 Re5 14. f4 Re7 15. b4 Ne6 16. Nxe6 Bxe6 17. Nd5 Bxd5 18. cxd5 Qe8 19. Qd3 a5 20. b5 Nd7 21. Ba3 1/2-1/2

[Event "Buenos Aires CC Moreno op"]
[Site "Buenos Aires"]
[Date "2019.06.20"]
[Round "1.2"]
[White "Campos, Cristian"]
[Black "Rodriguez, Jorge Luis"]
[Result "0-1"]
[WhiteElo "1829"]
[BlackElo "2381"]
[PlyCount "110"]
[EventDate "2019.06.20"]
[EventType "swiss"]
[EventRounds "7"]
[EventCountry "ARG"]
[SourceTitle "EXT 2022"]
[Source "ChessBase"]
[SourceDate "2021.10.06"]
[SourceVersion "1"]
[SourceVersionDate "2021.10.06"]
[SourceQuality "1"]

1. Nf3 Nf6 2. c4 g6 3. Nc3 d5 4. cxd5 Nxd5 5. h4 h5 6. Qb3 Nb6 7. Ng5 e6 8. d3 Bg7 9. g3 Nc6 10. Bg2 Nd4 11. Qd1 e5 12. Nf3 Ne6 13. Bd2 0-0 14. 0-0 c6 15. Rc1 Re8 16. Re1 Nd5 17. Qb3 Ne7 18. Ne4 Nf5 19. Bc3 Nfd4 20. Bxd4 exd4 21. Qc4 Qe7 22. a3 Bd7 23. Nc5 Bh6 24. Nxd7 Bxc1 25. Qxc1 Qxd7 26. Qh6 Qd6 27. Bh3 Qf8 28. Qxf8+ Kxf8 29. Bxe6 fxe6 30. Nxd4 e5 31. Nb3 e4 32. d4 Rad8 33. Rc1 Rd5 34. a4 Kf7 35. e3 Kf6 36. Kg2 Re7 37. Rc4 Ke6 38. Nc1 Kd6 39. Ne2 b5 40. axb5 Rxb5 41. Nf4 Rxb2 42. Nxg6 Rf7 43. Nf4 Rf5 44. Ra4 a5 45. d5 Rb5 46. dxc6 Rb4 47. Ra2 Kxc6 48. Ne6 Kb6 49. Nd4 Rc5 50. Ne6 Re5 51. Nd4 a4 52. Kf1 Ra5 53. Nc2 Rb3 54. Ke1 a3 55. Kd1 Rb1+ 0-1

[Event "Buenos Aires La Porta Cup"]
[Site "Buenos Aires"]
[Date "2019.03.27"]
[Round "7"]
[White "Rodriguez, Jorge Luis"]
[Black "Bustos, Cristian"]
[Result "0-1"]
[WhiteElo "2385"]
[BlackElo "1999"]
[PlyCount "73"]
[EventDate "2019.03.20"]
[EventType "swiss"]
[EventRounds "9"]
[EventCountry "ARG"]
[SourceTitle "CBM 189 Extra"]
[Source "ChessBase"]
[SourceDate "2019.05.31"]
[SourceVersion "1"]
[SourceVersionDate "2019.05.31"]
[SourceQuality "1"]

1. d4 Nf6 2. c4 e6 3. Nf3 d5 4. Bg5 Be7 5. e3 0-0 6. Nc3 a6 7. cxd5 exd5 8. Qc2 Nbd7 9. Bd3 c6 10. 0-0 Re8 11. Rae1 Nf8 12. Ne5 Ng4 13. Bxe7 Rxe7 14. f4 f6 15. Nxg4 Bxg4 16. f5 Qd6 17. Qf2 Bh5 18. g4 Bf7 19. Ne2 Rae8 20. Nf4 c5 21. Ng2 Nd7 22. Bb1 Nb6 23. g5 cxd4 24. g6 hxg6 25. fxg6 Be6 26. exd4 Kf8 27. b3 Bg8 28. Ne3 Qb4 29. Qh4 Nd7 30. Nc2 Qc3 31. Rxe7 Rxe7 32. Re1 Rxe1+ 33. Qxe1 Qd3 34. Qb4+ Ke8 35. Na3 Qe3+ 36. Kf1 Be6 37. Kg2 0-1

[Event "Buenos Aires La Porta Cup"]
[Site "Buenos Aires"]
[Date "2019.03.20"]
[Round "1"]
[White "Rodriguez, Jorge Luis"]
[Black "Bourgeois, William"]
[Result "1-0"]
[WhiteElo "2385"]
[BlackElo "1821"]
[PlyCount "51"]
[EventDate "2019.03.20"]
[EventType "swiss"]
[EventRounds "9"]
[EventCountry "ARG"]
[SourceTitle "CBM 189 Extra"]
[Source "ChessBase"]
[SourceDate "2019.05.31"]
[SourceVersion "1"]
[SourceVersionDate "2019.05.31"]
[SourceQuality "1"]

1. d4 Nf6 2. c4 e6 3. Nf3 d5 4. Nc3 Bb4 5. e3 0-0 6. Bd3 dxc4 7. Bxc4 c5 8. 0-0 Nc6 9. a3 Bxc3 10. bxc3 Qe7 11. Bb5 Bd7 12. a4 Rfd8 13. Ba3 b6 14. Qc2 a6 15. Be2 Bc8 16. Rfb1 Qa7 17. a5 Nxa5 18. dxc5 b5 19. Bb4 Nc4 20. Nd4 Bd7 21. c6 Qc7 22. cxd7 Qxd7 23. Bxc4 bxc4 24. e4 e5 25. Nf5 g6 26. Be7 1-0

[Event "Villa Ballester op 69th"]
[Site "Villa Ballester"]
[Date "2019.01.19"]
[Round "3"]
[White "Rodriguez, Jorge Luis"]
[Black "Romanelli, Gabriel Adrian"]
[Result "1/2-1/2"]
[WhiteElo "2395"]
[BlackElo "2019"]
[PlyCount "94"]
[EventDate "2019.01.16"]
[EventType "swiss"]
[EventRounds "9"]
[EventCountry "ARG"]
[SourceTitle "CBM 188 Extra"]
[Source "ChessBase"]
[SourceDate "2019.02.28"]
[SourceVersion "1"]
[SourceVersionDate "2019.02.28"]
[SourceQuality "1"]

1. c4 Nf6 2. g3 e5 3. Bg2 d5 4. cxd5 Nxd5 5. Nc3 Nb6 6. Nf3 Nc6 7. 0-0 Be7 8. d3 0-0 9. a4 a5 10. Be3 Be6 11. Rc1 Nd5 12. Nxd5 Bxd5 13. Bc5 Re8 14. Bxe7 Rxe7 15. Re1 Nd4 16. Nd2 Bxg2 17. Kxg2 Ra6 18. e3 Nf5 19. Ne4 Nd6 20. Qf3 Nxe4 21. Qxe4 Rb6 22. Rc5 Rb4 23. Qd5 Qxd5+ 24. Rxd5 f6 25. Rxa5 Rxb2 26. Rb5 Rxb5 27. axb5 c6 28. bxc6 bxc6 29. Rc1 Rd7 30. Rc3 Kf7 31. f4 exf4 32. gxf4 f5 33. Kf3 Rd6 34. e4 fxe4+ 35. dxe4 Rh6 36. h4 Rxh4 37. Rxc6 Rh3+ 38. Kg4 Rh1 39. Rc7+ Kf6 40. e5+ Ke6 41. Rc6+ Ke7 42. Ra6 g6 43. Kf3 Rf1+ 44. Ke3 Re1+ 45. Kf2 Rh1 46. Kg2 Rh5 47. Kf3 Rh1 1/2-1/2

[Event "ARG-ch Seniors 50"]
[Site "Termas de Rio Hondo"]
[Date "2017.04.21"]
[Round "5"]
[White "Rodriguez, Jorge Luis"]
[Black "Julia, Ernesto"]
[Result "1/2-1/2"]
[WhiteElo "2408"]
[BlackElo "2360"]
[PlyCount "24"]
[EventDate "2017.04.19"]
[EventType "swiss"]
[EventRounds "7"]
[EventCountry "ARG"]
[SourceTitle "EXT 2024"]
[Source "ChessBase"]
[SourceDate "2023.10.10"]
[SourceVersion "1"]
[SourceVersionDate "2023.10.10"]
[SourceQuality "1"]

1. c4 g6 2. Nc3 e5 3. Nf3 Bg7 4. e3 Nf6 5. Be2 0-0 6. 0-0 Nc6 7. d4 exd4 8. exd4 d5 9. c5 Ne4 10. h3 Bf5 11. Bf4 Nxc3 12. bxc3 b6 1/2-1/2

[Event "ARG-ch Seniors 50"]
[Site "Termas de Rio Hondo"]
[Date "2017.04.19"]
[Round "1"]
[White "Daneri, Martin"]
[Black "Rodriguez, Jorge Luis"]
[Result "0-1"]
[WhiteElo "2080"]
[BlackElo "2408"]
[PlyCount "58"]
[EventDate "2017.04.19"]
[EventType "swiss"]
[EventRounds "7"]
[EventCountry "ARG"]
[SourceTitle "EXT 2024"]
[Source "ChessBase"]
[SourceDate "2023.10.10"]
[SourceVersion "1"]
[SourceVersionDate "2023.10.10"]
[SourceQuality "1"]

1. e4 c5 2. Nc3 Nc6 3. Bb5 Nd4 4. Bc4 e6 5. Nf3 a6 6. d3 b5 7. Bb3 Bb7 8. Nxd4 cxd4 9. Ne2 d5 10. e5 Qc7 11. Bf4 Bb4+ 12. Kf1 Bc5 13. h4 Ne7 14. c3 Nc6 15. Rc1 Qb6 16. c4 dxc4 17. dxc4 Na5 18. Rh3 Nxb3 19. Rxb3 0-0 20. h5 f6 21. Rg3 d3 22. Qxd3 Rad8 23. Qc2 fxe5 24. Bxe5 Rxf2+ 25. Ke1 Rf7 26. Nf4 Bb4+ 27. Bc3 Rxf4 28. Rxg7+ Kf8 29. Bxb4+ Kxg7 0-1

[Event "ARG-chT"]
[Site "Villa Martelli"]
[Date "2016.10.29"]
[Round "6.1"]
[White "Rodriguez, Jorge Luis"]
[Black "Perez Ponsa, Federico"]
[Result "0-1"]
[WhiteElo "2409"]
[BlackElo "2585"]
[PlyCount "84"]
[EventDate "2016.09.24"]
[EventType "team-swiss"]
[EventRounds "9"]
[EventCountry "ARG"]
[SourceTitle "EXT 2018"]
[Source "ChessBase"]
[SourceDate "2017.10.13"]
[SourceVersion "1"]
[SourceVersionDate "2017.10.13"]
[SourceQuality "1"]
[WhiteTeam "Boca Juniors"]
[BlackTeam "Obras AySa"]
[WhiteTeamCountry "ARG"]
[BlackTeamCountry "ARG"]

1. c4 Nf6 2. Nc3 g6 3. e4 d6 4. d4 Bg7 5. f4 c5 6. dxc5 Qa5 7. Bd3 Nfd7 8. Bd2 Nxc5 9. Bc2 Nc6 10. Nf3 0-0 11. 0-0 Qb6 12. Kh1 Qxb2 13. Rb1 Qa3 14. Bb3 Qa5 15. Nd5 Qd8 16. Qe1 e6 17. Nc3 e5 18. Nd5 exf4 19. Bxf4 Nd3 20. Qg3 Nxf4 21. Qxf4 Be6 22. Rbd1 Ne5 23. Nxe5 Bxe5 24. Qf2 b6 25. Nf4 Qg5 26. Nd3 Rac8 27. Rc1 Qh5 28. Nxe5 Qxe5 29. Qh4 Rc7 30. Rc2 b5 31. cxb5 Rxc2 32. Bxc2 Qxb5 33. Rb1 Qe2 34. Bb3 Bxb3 35. axb3 Qd3 36. Ra1 Re8 37. h3 Rxe4 38. Qf2 Qe3 39. Qf6 Re6 40. Qd8+ Kg7 41. b4 Qc3 42. Ra5 Qc1+ 0-1

[Event "ARG-chT"]
[Site "Villa Martelli"]
[Date "2016.10.15"]
[Round "4.5"]
[White "Condino, Gabriel"]
[Black "Rodriguez, Jorge Luis"]
[Result "1/2-1/2"]
[WhiteElo "2092"]
[BlackElo "2409"]
[PlyCount "57"]
[EventDate "2016.09.24"]
[EventType "team-swiss"]
[EventRounds "9"]
[EventCountry "ARG"]
[SourceTitle "EXT 2018"]
[Source "ChessBase"]
[SourceDate "2017.10.13"]
[SourceVersion "1"]
[SourceVersionDate "2017.10.13"]
[SourceQuality "1"]
[WhiteTeam "Tacticos y Estrategas"]
[BlackTeam "Boca Juniors"]
[WhiteTeamCountry "ARG"]
[BlackTeamCountry "ARG"]

1. d4 Nf6 2. Nf3 e6 3. g3 b5 4. Bg2 Bb7 5. 0-0 c5 6. a4 b4 7. Nbd2 d5 8. c4 bxc3 9. bxc3 Nbd7 10. Ba3 Be7 11. Ne1 0-0 12. Nd3 Rc8 13. Nb3 c4 14. Ndc5 Bc6 15. Nxd7 Nxd7 16. Bxe7 Qxe7 17. Nd2 a5 18. e4 Nb6 19. exd5 exd5 20. Nf3 f6 21. Bh3 Rce8 22. Re1 Qf7 23. Bf5 Qh5 24. Bc2 Bd7 25. Nh4 Qxd1 26. Rexd1 Re2 27. Rdc1 Rfe8 28. Ng2 R2e7 29. Ne3 1/2-1/2

[Event "ARG-chT"]
[Site "Villa Martelli"]
[Date "2015.10.24"]
[Round "9.2"]
[White "Rodriguez, Jorge Luis"]
[Black "Bernal, Lucas"]
[Result "1/2-1/2"]
[WhiteElo "2408"]
[BlackElo "1961"]
[PlyCount "61"]
[EventDate "2015.08.29"]
[EventType "team-swiss"]
[EventRounds "9"]
[EventCountry "ARG"]
[SourceTitle "EXT 2017"]
[Source "ChessBase"]
[SourceDate "2016.10.25"]
[SourceVersion "1"]
[SourceVersionDate "2016.10.25"]
[SourceQuality "1"]
[WhiteTeam "Ajedrez Plus"]
[BlackTeam "Mar del Plata"]
[WhiteTeamCountry "ARG"]
[BlackTeamCountry "ARG"]

1. c4 Nf6 2. Nc3 e6 3. e4 d5 4. e5 Nfd7 5. cxd5 Nxe5 6. Qa4+ c6 7. d4 Ng6 8. dxc6 Nxc6 9. Nf3 Be7 10. Be2 a6 11. Be3 Bf6 12. 0-0 0-0 13. Rfd1 Qe7 14. Rac1 Nb4 15. a3 Nd5 16. Nxd5 exd5 17. Qa5 Qd6 18. Ne5 Nxe5 19. dxe5 Qxe5 20. Bf3 Be6 21. Bd4 Qg5 22. Bxf6 Qxf6 23. Qb6 Qe5 24. b4 Qb2 25. a4 Rac8 26. Rb1 Qc2 27. Qxb7 Qxa4 28. Ra1 Rb8 29. Qxf7+ Rxf7 30. Rxa4 Rfb7 31. Rxa6 1/2-1/2

[Event "Buenos Aires La Porta Cup"]
[Site "Buenos Aires"]
[Date "2014.12.16"]
[Round "4"]
[White "Suarez Munilla, Jose Luis"]
[Black "Rodriguez, Jorge Luis"]
[Result "0-1"]
[WhiteElo "2068"]
[BlackElo "2406"]
[PlyCount "100"]
[EventDate "2014.12.13"]
[EventType "swiss"]
[EventRounds "9"]
[EventCountry "ARG"]
[SourceTitle "EXT 2016"]
[Source "ChessBase"]
[SourceDate "2015.10.08"]
[SourceVersion "1"]
[SourceVersionDate "2015.10.08"]
[SourceQuality "1"]

1. d4 e6 2. Nf3 c5 3. e3 Nf6 4. c4 d5 5. Nc3 Nc6 6. a3 cxd4 7. exd4 Be7 8. Bd3 dxc4 9. Bxc4 0-0 10. 0-0 a6 11. Re1 b5 12. Ba2 Bb7 13. Bg5 b4 14. Ne2 Nd5 15. Bxe7 Ncxe7 16. Qd2 Rb8 17. h4 Nf5 18. Qg5 h6 19. Qxd8 Rfxd8 20. g4 Nd6 21. Ne5 bxa3 22. bxa3 Nb5 23. g5 g6 24. Rac1 hxg5 25. hxg5 Rbc8 26. Bxd5 Bxd5 27. a4 Nd6 28. Nf4 Ba8 29. Ng4 Kg7 30. d5 exd5 31. Nf6 Ne4 32. Rxc8 Rxc8 33. N6xd5 Nxg5 34. Re7 Rc4 35. Ra7 Bxd5 36. Nxd5 Rxa4 37. Nc7 a5 38. Ne8+ Kf8 39. Nd6 Kg7 40. Kg2 Rg4+ 41. Kf1 a4 42. Ne8+ Kf8 43. Nf6 Rd4 44. Nd7+ Kg7 45. Nc5 Rc4 46. Nxa4 Ne4 47. f3 Ng5 48. Kg2 Rc2+ 49. Kg3 Ra2 50. Ra5 Kh6 0-1

[Event "Buenos Aires CC Argentino-ch"]
[Site "Buenos Aires"]
[Date "2013.11.13"]
[Round "4.1"]
[White "Rodriguez, Jorge Luis"]
[Black "Mareco, Sandro"]
[Result "1/2-1/2"]
[WhiteElo "2392"]
[BlackElo "2565"]
[PlyCount "150"]
[EventDate "2013.10.16"]
[EventType "k.o."]
[EventRounds "10"]
[EventCountry "ARG"]
[SourceTitle "EXT 2016"]
[Source "ChessBase"]
[SourceDate "2015.10.08"]
[SourceVersion "1"]
[SourceVersionDate "2015.10.08"]
[SourceQuality "1"]

1. c4 Nf6 2. g3 e6 3. Bg2 d5 4. Nf3 d4 5. 0-0 c5 6. e3 Nc6 7. exd4 cxd4 8. d3 Bd6 9. Re1 0-0 10. Na3 Re8 11. Nc2 h6 12. a3 e5 13. b4 a6 14. Nd2 Bg4 15. Bf3 Bf5 16. Ne4 Nxe4 17. Bxe4 Bxe4 18. dxe4 a5 19. Rb1 b6 20. Qd3 axb4 21. axb4 Qe7 22. Bd2 Ra2 23. c5 bxc5 24. bxc5 Bxc5 25. Qc4 Raa8 26. Rb5 Bd6 27. Rb6 Na7 28. Reb1 Rac8 29. Qa4 Bc5 30. Rb7 Qe6 31. Bb4 Bb6 32. Ne1 Qc6 33. Qxc6 Rxc6 34. Nd3 Nc8 35. Ra1 Nd6 36. Bxd6 Rxd6 37. Ra6 Ree6 38. Nxe5 d3 39. Rbxb6 Rxb6 40. Rxb6 Rxb6 41. Nxd3 Rb3 42. Nf4 Rb4 43. e5 Re4 44. Nd3 Rd4 45. Ne1 Rd5 46. Nf3 g5 47. h3 Rd1+ 48. Kg2 Kf8 49. Nh2 Kg7 50. Ng4 Re1 51. Kf3 Kg6 52. Ne3 h5 53. Kg2 Ra1 54. f4 Ra2+ 55. Kf3 Rh2 56. f5+ Kg7 57. Nf1 Rxh3 58. Kg2 g4 59. Nd2 h4 60. Ne4 hxg3 61. Nf6 Kf8 62. Nd7+ Ke7 63. Nf6 Kf8 64. Nd7+ Ke8 65. Nf6+ Ke7 66. Nd5+ Kf8 67. Nf4 Rh2+ 68. Kxg3 Ra2 69. Kxg4 Ra5 70. e6 fxe6 71. Nxe6+ Ke7 72. Kg5 Ra1 73. Kg6 Rg1+ 74. Ng5 Rf1 75. Nh7 Rxf5 1/2-1/2

[Event "Buenos Aires CC Argentino-ch"]
[Site "Buenos Aires"]
[Date "2013.10.30"]
[Round "3.2"]
[White "Rodriguez, Jorge Luis"]
[Black "De Dovitiis, Alejo"]
[Result "1/2-1/2"]
[WhiteElo "2392"]
[BlackElo "2342"]
[PlyCount "93"]
[EventDate "2013.10.16"]
[EventType "k.o."]
[EventRounds "10"]
[EventCountry "ARG"]
[SourceTitle "EXT 2016"]
[Source "ChessBase"]
[SourceDate "2015.10.08"]
[SourceVersion "1"]
[SourceVersionDate "2015.10.08"]
[SourceQuality "1"]

1. e4 e6 2. d4 d5 3. Nd2 Nf6 4. Bd3 c5 5. c3 Nc6 6. Ngf3 cxd4 7. cxd4 dxe4 8. Nxe4 Be7 9. 0-0 0-0 10. Be3 Nb4 11. Nxf6+ Bxf6 12. Be4 Nd5 13. Qb3 Nxe3 14. fxe3 Rb8 15. Rac1 Bd7 16. Rc3 g6 17. Rfc1 Bg7 18. Bxb7 e5 19. Nxe5 Bxe5 20. dxe5 Be6 21. Qb5 Qd2 22. e4 Qd4+ 23. Kh1 Rfd8 24. h3 Kg7 25. Qa6 Qxe5 26. Bd5 Bxd5 27. exd5 Rxb2 28. Rf3 Rd7 29. Qc6 Rxd5 30. Rcf1 f5 31. Rb3 Rxb3 32. axb3 a5 33. b4 Qe2 34. Rg1 Qe5 35. bxa5 Rxa5 36. Qd7+ Kh6 37. Qd2+ f4 38. Qc1 Rc5 39. Qa3 Qe3 40. Qxe3 fxe3 41. Re1 Rc3 42. Kh2 Kg5 43. Kg3 h5 44. Re2 Kf5 45. Kf3 g5 46. Rxe3 Rxe3+ 47. Kxe3 1/2-1/2

[Event "Buenos Aires CC Argentino-ch"]
[Site "Buenos Aires"]
[Date "2013.10.28"]
[Round "3.1"]
[White "De Dovitiis, Alejo"]
[Black "Rodriguez, Jorge Luis"]
[Result "0-1"]
[WhiteElo "2342"]
[BlackElo "2392"]
[PlyCount "100"]
[EventDate "2013.10.16"]
[EventType "k.o."]
[EventRounds "10"]
[EventCountry "ARG"]
[SourceTitle "EXT 2016"]
[Source "ChessBase"]
[SourceDate "2015.10.08"]
[SourceVersion "1"]
[SourceVersionDate "2015.10.08"]
[SourceQuality "1"]

1. e4 c5 2. Nf3 Nc6 3. d4 cxd4 4. Nxd4 Nf6 5. Nc3 e5 6. Ndb5 d6 7. a4 a6 8. Na3 Bg4 9. Be2 Bxe2 10. Qxe2 d5 11. exd5 Nxd5 12. Nxd5 Qxd5 13. 0-0 Nd4 14. Qd1 Rd8 15. Be3 Bc5 16. Kh1 0-0 17. Bxd4 Qxd4 18. Qe2 Qxb2 19. Nc4 Qc3 20. Rab1 Rd4 21. Nxe5 Rd2 22. Qe4 b6 23. Nf3 Rxf2 24. Ng5 g6 25. Qh4 Rxf1+ 26. Rxf1 Qg7 27. Qc4 Be7 28. Ne4 Qe5 29. Nc3 Kg7 30. g3 Bc5 31. Ne2 Qc7 32. Qc3+ Kg8 33. Qf3 Qd7 34. Nf4 Qxa4 35. Nd5 Bd4 36. Qe4 b5 37. Rf4 Qa1+ 38. Kg2 Qg1+ 39. Kh3 Bg7 40. Qe7 Qd1 41. Qb7 Qxc2 42. Qxa6 Qe2 43. Qb7 Be5 44. Re4 Qf1+ 45. Kh4 Bf6+ 46. Nxf6+ Qxf6+ 47. Kh3 Qf1+ 48. Kh4 h6 49. Qd5 Qg2 50. h3 Qf3 0-1